INTERNATIONAL MARKETING (Record no. 1572)

MARC details
000 -LEADER
fixed length control field 00363nam a2200145Ia 4500
008 - FIXED-LENGTH DATA ELEMENTS--GENERAL INFORMATION
fixed length control field 240624s9999 xx 000 0 und d
041 ## - LANGUAGE CODE
Language code of text/sound track or separate title eng
082 ## - DEWEY DECIMAL CLASSIFICATION NUMBER
Classification number 658.8 CAT
100 ## - MAIN ENTRY--PERSONAL NAME
Personal name CATEORA PHILIP R
245 ## - TITLE STATEMENT
Title INTERNATIONAL MARKETING
250 ## - EDITION STATEMENT
Edition statement (11th ed.)
260 ## - PUBLICATION, DISTRIBUTION, ETC.
Date of publication, distribution, etc. 2002
Place of publication, distribution, etc. New Delhi
Name of publisher, distributor, etc. Tata McGrawhill
300 ## - PHYSICAL DESCRIPTION
Extent xxv, : 694 : p. : cm. ; 28
365 ## - TRADE PRICE
Currency code RS
Holdings
Withdrawn status Lost status Damaged status Not for loan Home library Current library Shelving location Date acquired Source of acquisition Cost, normal purchase price Full call number Barcode Date last seen Copy number Price effective from Koha item type
        IMTN IMTN Rack 33-B 12/09/2004 JBD 365.00 658.8 CAT 1572 06/24/2024 1 06/24/2024 Books
Designed & Maintained by: LRC IMT Nagpur Contact: lrc@imtnag.ac.in© 2024. All Rights Reserved.